[Event "Porto Alegre Trois Cup"]
[Site "Porto Alegre"]
[Date "2022.08.21"]
[Round "4"]
[White "Muller, Pedro Mezacasa"]
[Black "De Oliveira, Luis Arthur Aveline"]
[Result "1-0"]
[WhiteElo "1849"]
[BlackElo "1801"]
[PlyCount "31"]
[EventDate "2022.08.19"]
[EventType "swiss"]
[EventRounds "5"]
[EventCountry "BRA"]
[SourceTitle "CBM 210 Extra"]
[Source "ChessBase"]
[SourceDate "2022.11.30"]
[SourceVersion "1"]
[SourceVersionDate "2022.11.30"]
[SourceQuality "1"]

1. e4 c5 2. Nf3 a6 3. c3 d6 4. d4 Nf6 5. Bd3 e6 6. 0-0 Be7 7. Qe2 0-0 8. Bf4 Nbd7 9. e5 Nd5 10. Bd2 dxe5 11. dxe5 b5 12. c4 bxc4 13. Bc2 Rb8 14. Qxc4 Rxb2 15. Bb3 N7b6 16. Qc1 1-0

[Event "Porto Alegre Trois Cup"]
[Site "Porto Alegre"]
[Date "2022.08.19"]
[Round "1"]
[White "Franco, Paulo Henrique Fran"]
[Black "Muller, Pedro Mezacasa"]
[Result "0-1"]
[WhiteElo "1800"]
[BlackElo "1849"]
[PlyCount "30"]
[EventDate "2022.08.19"]
[EventType "swiss"]
[EventRounds "5"]
[EventCountry "BRA"]
[SourceTitle "CBM 210 Extra"]
[Source "ChessBase"]
[SourceDate "2022.11.30"]
[SourceVersion "1"]
[SourceVersionDate "2022.11.30"]
[SourceQuality "1"]

1. e4 e5 2. Nf3 Nc6 3. Bb5 Nge7 4. c3 d5 5. Nxe5 dxe4 6. 0-0 Qd5 7. Bxc6+ Nxc6 8. Nxc6 bxc6 9. Qe1 Ba6 10. d3 Bxd3 11. Nd2 Bc5 12. b4 Bd6 13. Kh1 Bxf1 14. Nxe4 0-0 15. Nxd6 Qxg2# 0-1